| 000 | 00563nam a22001937a 4500 | ||
|---|---|---|---|
| 999 |
_c4735 _d4735 |
||
| 003 | AR-CdUCM | ||
| 008 | 190311b ||||| |||| 00| 0 spa d | ||
| 040 |
_aMUNICIPALIDAD PROVINCIAL DEL CUSCO _cBIBLIOTECA MUNICIPAL DEL CUSCO |
||
| 082 |
_22ed. _a869.33 / _bN44E |
||
| 100 |
_aNeruda, Pablo _92359 |
||
| 245 | _aLa espada encendida / | ||
| 260 |
_aBuenos Aires : _bLosada, _c1970. |
||
| 300 |
_a156 páginas ; _c18 cm. |
||
| 500 | _aDonación familia Nieto | ||
| 650 |
_aPoesías chilenas _92361 |
||
| 650 |
_aSiglo XX _98 |
||
| 942 |
_2ddc _cLIBROS |
||
| 945 | _aafb | ||